| 000 | 00465nam a2200157Ia 4500 | ||
|---|---|---|---|
| 008 | 170221s9999 xx 000 0 und d | ||
| 100 | _aMihalis Kuyucu | ||
| 245 | _aFrom Analog to Digital Radio Management: The New Radio and New Media | ||
| 245 | _cMihalis Kuyucu | ||
| 260 | _bOnline Journal of Communication and Media Technologies | ||
| 260 | _c2012 | ||
| 300 | _a9 : | ||
| 650 | _xCommunication | ||
| 650 | _xMedia Arts | ||
| 856 | _uhttp://www.ojcmt.net/ | ||
| 999 |
_c309065 _d309065 |
||